[Event "Junior Online 4NCL Division 5"]
[Site "online"]
[Date "2021.02.04"]
[Round "2.112"]
[White "Walsh, Conor"]
[Black "Quillaud, Maxime"]
[Result "0-1"]
[WhiteElo "800"]
[BlackElo "1308"]
[PlyCount "72"]
[EventDate "2021.02.04"]
[WhiteTeam "St. Laurence's BNS 1"]
[BlackTeam "Desert Penguins Jupiter"]

1. d4 d5 2. c4 e6 3. Nc3 Nf6 4. Bg5 Be7 5. e3 O-O 6. Nf3 Nc6 7. Bd3 dxc4 8.
Bxc4 b6 9. O-O Bb7 10. Qc2 Nb4 11. Qd1 Nbd5 12. Re1 Rc8 13. Ne5 Nxc3 14. bxc3
Nd5 15. Bxd5 Bxd5 16. Bxe7 Qxe7 17. e4 Bb7 18. f4 f6 19. Nc4 Rcd8 20. Qd2 c5
21. Rad1 Ba6 22. Ne3 cxd4 23. cxd4 e5 24. Nc2 exd4 25. Nxd4 Bb7 26. Qe3 Rfe8
27. e5 fxe5 28. fxe5 Qf7 29. Re2 Qg6 30. e6 Re7 31. Rf1 Rde8 32. Nf5 Rc7 33.
Nd6 Ree7 34. Rf7 Qb1+ 35. Re1 Qg6 36. Rxe7 Qxg2# 0-1

[Event "Junior Online 4NCL Division 5"]
[Site "online"]
[Date "2021.02.04"]
[Round "2.113"]
[White "Dane, James"]
[Black "Cooney, Felipe"]
[Result "1-0"]
[WhiteElo "1232"]
[BlackElo "700"]
[PlyCount "59"]
[EventDate "2021.02.04"]
[WhiteTeam "Desert Penguins Jupiter"]
[BlackTeam "St. Laurence's BNS 1"]

1. d4 d5 2. c4 dxc4 3. e3 Nf6 4. Bxc4 Nc6 5. Nc3 e6 6. Nf3 Be7 7. O-O O-O 8. e4
Bd7 9. e5 Nd5 10. Bxd5 exd5 11. Nxd5 Be6 12. Nxe7+ Nxe7 13. Bg5 h6 14. Bh4 Nf5
15. Bxd8 Rfxd8 16. Rc1 c6 17. b3 Rac8 18. h3 b6 19. Re1 c5 20. Re4 Bd5 21. Rf4
Bxf3 22. Rxf3 Nxd4 23. Rg3 Ne6 24. Qh5 Nf4 25. Qf3 Ng6 26. e6 Ne5 27. Qf6 Ng6
28. Qxf7+ Kh7 29. Qxg6+ Kh8 30. Qxg7# 1-0

[Event "Junior Online 4NCL Division 5"]
[Site "online"]
[Date "2021.02.04"]
[Round "2.114"]
[White "Friel, Daniel"]
[Black "Cleanis, Theo"]
[Result "0-1"]
[WhiteElo "700"]
[BlackElo "1225"]
[PlyCount "98"]
[EventDate "2021.02.04"]
[WhiteTeam "St. Laurence's BNS 1"]
[BlackTeam "Desert Penguins Jupiter"]

1. e4 c5 2. Nf3 d6 3. d3 Nc6 4. Be3 e6 5. g3 a6 6. Bg2 Bd7 7. O-O Nf6 8. Nc3
Be7 9. Bg5 O-O 10. Bxf6 Bxf6 11. Bh3 e5 12. Nd5 Bxh3 13. Re1 Bg4 14. Nxf6+ Qxf6
15. Kg2 Bxf3+ 16. Qxf3 Qxf3+ 17. Kxf3 Nd4+ 18. Kg2 Nxc2 19. Rf1 Nxa1 20. Rxa1
Rfe8 21. Kh3 Rac8 22. Rc1 f6 23. Rc4 b5 24. Rc2 Kf7 25. f4 exf4 26. gxf4 Kg6
27. f5+ Kg5 28. Rg2+ Kf4 29. Rf2+ Ke3 30. Rg2 Rg8 31. Rg1 Kxd3 32. Rd1+ Kxe4
33. Rxd6 a5 34. Kg4 Rcd8 35. Re6+ Kd5 36. Re1 g6 37. fxg6 Rxg6+ 38. Kf4 Rd6 39.
Kf5 Rg5+ 40. Kf4 Re5 41. Rd1+ Kc6 42. b3 Rxd1 43. a4 bxa4 44. bxa4 Rd4+ 45. Kf3
Rxa4 46. Kg3 Re3+ 47. Kf2 Rb3 48. Ke2 Ra2+ 49. Kd1 Rb1# 0-1

[Event "Junior Online 4NCL Division 5"]
[Site "online"]
[Date "2021.02.04"]
[Round "2.115"]
[White "Cooney, Lorcan"]
[Black "Tengayev, Arman"]
[Result "1-0"]
[WhiteElo "1255"]
[BlackElo "1405"]
[PlyCount "49"]
[EventDate "2021.02.04"]
[WhiteTeam "St. Laurence's BNS 1"]
[BlackTeam "Desert Penguins Jupiter"]

1. e4 c5 2. Bc4 d6 3. Nc3 e6 4. f4 Nc6 5. Nf3 Nf6 6. d3 Be7 7. O-O Bd7 8. Qe1
O-O 9. f5 exf5 10. exf5 Bxf5 11. Qg3 Bg6 12. Ng5 Ne5 13. Bd5 Rb8 14. Nf3 Nxf3+
15. Rxf3 b5 16. Be4 Nxe4 17. dxe4 Bf6 18. Nd5 Bd4+ 19. Be3 Bxb2 20. Rb1 Be5 21.
Bf4 Bxf4 22. Rxf4 b4 23. h4 Qe8 24. h5 Bxe4 25. Nf6+ 1-0

[Event "Junior Online 4NCL Division 5"]
[Site "online"]
[Date "2021.02.04"]
[Round "2.116"]
[White "Quillaud, Maxime"]
[Black "Walsh, Conor"]
[Result "0-1"]
[WhiteElo "1308"]
[BlackElo "800"]
[PlyCount "86"]
[EventDate "2021.02.04"]
[WhiteTeam "Desert Penguins Jupiter"]
[BlackTeam "St. Laurence's BNS 1"]

1. d4 Nf6 2. c4 g6 3. Nc3 Bg7 4. Nf3 c6 5. e3 d5 6. Be2 O-O 7. O-O Bf5 8. Ne5
Nbd7 9. f4 Nxe5 10. fxe5 Nd7 11. Qb3 Nb6 12. cxd5 cxd5 13. Bf3 e6 14. Bd2 Qd7
15. Nb5 Nc4 16. Rad1 Bh6 17. Rfe1 a6 18. Na3 b5 19. Nxc4 bxc4 20. Qc3 Rab8 21.
e4 dxe4 22. Bxe4 Bxe4 23. Rxe4 Bxd2 24. Rxd2 Qd5 25. Re1 Rfd8 26. Rc1 Rbc8 27.
Rdd1 Rd7 28. b3 Rdc7 29. Qb2 c3 30. Qc2 Kg7 31. Rd3 Qa5 32. Rf3 Qb4 33. Rd1 Qa3
34. Rf2 a5 35. Re2 Ra8 36. d5 exd5 37. Rxd5 Rc5 38. Rxc5 Qxc5+ 39. Kf1 Re8 40.
Re4 Rxe5 41. Rc4 Rf5+ 42. Ke1 Qg1+ 43. Ke2 Rf2+ 0-1

[Event "Junior Online 4NCL Division 5"]
[Site "online"]
[Date "2021.02.04"]
[Round "2.117"]
[White "Cooney, Felipe"]
[Black "Dane, James"]
[Result "0-1"]
[WhiteElo "700"]
[BlackElo "1232"]
[PlyCount "102"]
[EventDate "2021.02.04"]
[WhiteTeam "St. Laurence's BNS 1"]
[BlackTeam "Desert Penguins Jupiter"]

1. e4 c5 2. Nf3 d6 3. Nc3 Nc6 4. Be2 e6 5. d3 Nf6 6. Be3 Be7 7. O-O O-O 8. Re1
b6 9. d4 cxd4 10. Nxd4 Nxd4 11. Bxd4 Bb7 12. Bf3 h6 13. e5 dxe5 14. Bxb7 Rb8
15. Bxe5 Qxd1 16. Rexd1 Rxb7 17. Bxf6 Bxf6 18. Nb5 Bxb2 19. Rab1 Bf6 20. Nd6
Rc7 21. Nb5 Rxc2 22. Nxa7 Rxa2 23. Nc6 Rc8 24. Rxb6 Rca8 25. Rb8+ Rxb8 26. Nxb8
Ra1 27. Rxa1 Bxa1 28. Kf1 Kf8 29. Nd7+ Ke7 30. Nc5 Kd6 31. Ne4+ Ke5 32. Nd2 f5
33. Ke2 Bd4 34. Nf3+ Ke4 35. Nxd4 Kxd4 36. g3 e5 37. Kf3 g5 38. Kg2 e4 39. f3
e3 40. Kf1 Kd3 41. h3 e2+ 42. Kf2 Kd2 43. g4 e1=Q+ 44. Kg2 Qe2+ 45. Kg3 fxg4
46. fxg4 Qf1 47. h4 gxh4+ 48. Kxh4 Qh1+ 49. Kg3 Ke2 50. Kf4 Qf3+ 51. Ke5 Qxg4
0-1

[Event "Junior Online 4NCL Division 5"]
[Site "online"]
[Date "2021.02.04"]
[Round "2.118"]
[White "Cleanis, Theo"]
[Black "Friel, Daniel"]
[Result "0-1"]
[WhiteElo "1225"]
[BlackElo "700"]
[PlyCount "94"]
[EventDate "2021.02.04"]
[WhiteTeam "Desert Penguins Jupiter"]
[BlackTeam "St. Laurence's BNS 1"]

1. d4 d5 2. c4 dxc4 3. e3 Nf6 4. Bxc4 Nc6 5. Nf3 Bg4 6. Bd2 e5 7. dxe5 Nxe5 8.
Be2 Bxf3 9. Bxf3 Nxf3+ 10. Qxf3 a5 11. O-O Bd6 12. Bc3 O-O 13. Bxf6 gxf6 14.
Nc3 Kg7 15. Rad1 Qe7 16. Nd5 Qd8 17. Nc3 Qe7 18. Qe4 Qxe4 19. Nxe4 Rfe8 20.
Nxd6 cxd6 21. Rxd6 b5 22. Rfd1 b4 23. f3 a4 24. Rb6 Rab8 25. Rxb8 Rxb8 26. Rd3
b3 27. axb3 axb3 28. Kf2 Rb4 29. Ke2 h5 30. Kd2 Rh4 31. h3 f5 32. Rxb3 f4 33.
exf4 Rxf4 34. g3 Rf6 35. Ke3 Rg6 36. Kf4 Kh6 37. g4 hxg4 38. fxg4 f6 39. Rb6
Kg7 40. h4 Rh6 41. g5 fxg5+ 42. Kxg5 Rxb6 43. h5 Kh7 44. b4 Rxb4 45. Kf5 Rh4
46. Kg5 Rh1 47. Kg4 Kh6 0-1

[Event "Junior Online 4NCL Division 5"]
[Site "online"]
[Date "2021.02.04"]
[Round "2.121"]
[White "Choi, Ethan"]
[Black "Ray, Ayush"]
[Result "0-1"]
[WhiteElo "925"]
[BlackElo "1771"]
[PlyCount "52"]
[EventDate "2021.02.04"]
[WhiteTeam "Surrey Kings 5"]
[BlackTeam "Chess Challengers A"]

1. e4 e5 2. Nf3 Nc6 3. Bc4 Bc5 4. d3 Nf6 5. Nc3 d6 6. Bg5 h6 7. Be3 Bxe3 8.
fxe3 Bg4 9. h3 Bd7 10. O-O Na5 11. b4 Nxc4 12. dxc4 O-O 13. b5 c6 14. c5 cxb5
15. cxd6 b4 16. Nd5 Nxe4 17. Nxb4 Qb6 18. c3 Qxe3+ 19. Kh2 Qxc3 20. Nc2 Rac8
21. Nxe5 Qxe5+ 22. g3 Qxg3+ 23. Kh1 Nf2+ 24. Rxf2 Qxf2 25. Qg1 Bc6+ 26. Qg2
Qxg2# 0-1

[Event "Junior Online 4NCL Division 5"]
[Site "online"]
[Date "2021.02.04"]
[Round "2.122"]
[White "Sidana, Rishabh"]
[Black "Liu, Reuben"]
[Result "0-1"]
[WhiteElo "1660"]
[BlackElo "840"]
[PlyCount "22"]
[EventDate "2021.02.04"]
[WhiteTeam "Chess Challengers A"]
[BlackTeam "Surrey Kings 5"]

1. e4 c5 2. f4 Nf6 3. Nc3 Nc6 4. Bc4 e5 5. f5 Be7 6. d3 O-O 7. Nf3 d6 8. O-O
Ng4 9. h3 Ne3 10. Bxe3 Bg5 11. Bxg5 h6 0-1

[Event "Junior Online 4NCL Division 5"]
[Site "online"]
[Date "2021.02.04"]
[Round "2.123"]
[White "Gardner, Oliver"]
[Black "Gupta, Shourya"]
[Result "0-1"]
[WhiteElo "731"]
[BlackElo "1640"]
[PlyCount "66"]
[EventDate "2021.02.04"]
[WhiteTeam "Surrey Kings 5"]
[BlackTeam "Chess Challengers A"]

1. e4 c5 2. Nf3 Nf6 3. Nc3 Nc6 4. Bc4 e6 5. d3 d5 6. exd5 exd5 7. Bxd5 Nxd5 8.
Nxd5 Qxd5 9. Qe2+ Be7 10. O-O O-O 11. c4 Qd6 12. Bf4 Qxf4 13. g3 Qf6 14. h4 Bg4
15. h5 Bxf3 16. Qe3 Bxh5 17. f4 Rfe8 18. g4 Bxg4 19. Qg3 Qd4+ 20. Rf2 Bf5 21.
Kf1 Bxd3+ 22. Re2 Bxe2+ 23. Kxe2 Bh4+ 24. Qe3 Rxe3+ 25. Kf1 Rf3+ 26. Ke2 Qe3+
27. Kd1 Rf1+ 28. Kc2 Qe4+ 29. Kd2 Rxa1 30. Kc3 Rd8 31. Kb3 Rd3+ 32. Kc2 Rf3+
33. Kd2 Qd3# 0-1

[Event "Junior Online 4NCL Division 5"]
[Site "online"]
[Date "2021.02.04"]
[Round "2.124"]
[White "Rajaram, Dilip"]
[Black "Liu, Kieron"]
[Result "1/2-1/2"]
[WhiteElo "1635"]
[BlackElo "134"]
[PlyCount "113"]
[EventDate "2021.02.04"]
[WhiteTeam "Chess Challengers A"]
[BlackTeam "Surrey Kings 5"]

1. e4 e5 2. Bc4 Nc6 3. Nf3 Nf6 4. Nc3 Bc5 5. O-O O-O 6. d3 d6 7. Be3 Bg4 8. h3
Bh5 9. Nd5 Bd4 10. c3 Bxe3 11. fxe3 Qd7 12. Nxf6+ gxf6 13. Qe1 Na5 14. Qg3+ Bg6
15. Nh4 Nxc4 16. dxc4 Qa4 17. b3 Qa3 18. Nxg6 hxg6 19. Rxf6 Qb2 20. Rff1 Qxc3
21. h4 Kg7 22. h5 Kh6 23. hxg6 fxg6 24. Rfc1 Qb2 25. Rcb1 Qc2 26. Qh3+ Kg7 27.
Qg3 Qxe4 28. Rf1 Rxf1+ 29. Rxf1 Rf8 30. Re1 Rh8 31. Kf2 Qf5+ 32. Qf3 Qc2+ 33.
Re2 Qd1 34. Qxb7 Rh1 35. Qf3 g5 36. Kg3 Kg6 37. Kg4 Kh6 38. Qf8+ Kg6 39. Qf5+
Kh6 40. Qxg5+ Kh7 41. Qe7+ Kg6 42. Qe6+ Kg7 43. Qe7+ Kg6 44. Qg5+ Kh7 45. Qf5+
Kh6 46. Qf2 Rf1 47. Qh4+ Kg6 48. Qh5+ Kf6 49. Qg5+ Ke6 50. Qg8+ Kf6 51. Qg5+
Ke6 52. Qg6+ Kd7 53. Qh7+ Kc6 54. Qe4+ Kd7 55. Qh7+ Kc6 56. Qe4+ Kd7 57. Qh7+
1/2-1/2

[Event "Junior Online 4NCL Division 5"]
[Site "online"]
[Date "2021.02.04"]
[Round "2.125"]
[White "Ray, Ayush"]
[Black "Choi, Ethan"]
[Result "1-0"]
[WhiteElo "1771"]
[BlackElo "925"]
[PlyCount "61"]
[EventDate "2021.02.04"]
[WhiteTeam "Chess Challengers A"]
[BlackTeam "Surrey Kings 5"]

1. e4 d5 2. exd5 Qxd5 3. Nc3 Qf5 4. d4 e6 5. Bd3 Qh5 6. Qxh5 g6 7. Qe5 f6 8.
Qxc7 Ne7 9. d5 exd5 10. Nxd5 Nxd5 11. Qxc8+ Kf7 12. Qxb7+ Be7 13. Qxd5+ Kg7 14.
Qxa8 Nc6 15. Bh6+ Kf7 16. Qxh8 Ke6 17. Bc4+ Ke5 18. f4+ Kd4 19. Bb3 Ke3 20. f5+
g5 21. Nf3 Nd4 22. Qe8 Nxc2+ 23. Bxc2 Kf4 24. Qxe7 Kg4 25. Qe4+ Kh5 26. g4+
Kxh6 27. h4 a5 28. hxg5+ Kg7 29. Qe7+ Kg8 30. gxf6 Kh8 31. Qf8# 1-0

[Event "Junior Online 4NCL Division 5"]
[Site "online"]
[Date "2021.02.04"]
[Round "2.126"]
[White "Liu, Reuben"]
[Black "Sidana, Rishabh"]
[Result "0-1"]
[WhiteElo "840"]
[BlackElo "1660"]
[PlyCount "96"]
[EventDate "2021.02.04"]
[WhiteTeam "Surrey Kings 5"]
[BlackTeam "Chess Challengers A"]

1. e4 e5 2. Nf3 Nc6 3. Bb5 Bd6 4. O-O Nge7 5. d3 a6 6. Ba4 b5 7. Bb3 O-O 8. Nc3
Kh8 9. Bg5 f6 10. Bh4 Bc5 11. Nd5 Nxd5 12. exd5 Ne7 13. d4 exd4 14. Nxd4 Bxd4
15. Qxd4 Nf5 16. Qf4 Nxh4 17. Qxh4 f5 18. Qxd8 Rxd8 19. Rfd1 d6 20. Rd4 g5 21.
c4 c5 22. Rd3 b4 23. Bc2 Ra7 24. a3 bxa3 25. bxa3 Re7 26. Rg3 Rde8 27. h3 Re1+
28. Rxe1 Rxe1+ 29. Kh2 h6 30. f3 f4 31. Bf5 fxg3+ 32. Kxg3 Bxf5 33. Kf2 Ra1 34.
Ke2 Rxa3 35. Kd2 Ra2+ 36. Kc3 Rxg2 37. f4 gxf4 38. h4 f3 39. h5 f2 40. Kd2
f1=Q+ 41. Ke3 Rg3+ 42. Kd2 Qh3 43. Ke1 a5 44. Kd1 a4 45. Kc1 Rg2 46. Kd1 a3 47.
Kc1 a2 48. Kd1 a1=R# 0-1

[Event "Junior Online 4NCL Division 5"]
[Site "online"]
[Date "2021.02.04"]
[Round "2.127"]
[White "Gupta, Shourya"]
[Black "Gardner, Oliver"]
[Result "1-0"]
[WhiteElo "1640"]
[BlackElo "731"]
[PlyCount "43"]
[EventDate "2021.02.04"]
[WhiteTeam "Chess Challengers A"]
[BlackTeam "Surrey Kings 5"]

1. c4 e5 2. Nc3 Bc5 3. e3 Nc6 4. Nf3 Nf6 5. Nxe5 Nxe5 6. d4 Bxd4 7. Qxd4 Nc6 8.
Qd2 O-O 9. Bd3 Nb4 10. a3 Nxd3+ 11. Qxd3 d5 12. cxd5 Bf5 13. Qe2 Nxd5 14. Nxd5
Qxd5 15. O-O Qe4 16. Rd1 Be6 17. Bd2 Bd5 18. f3 Qe6 19. Bc3 Bc4 20. Qf2 Bb3 21.
Qg3 Bxd1 22. Qxg7# 1-0

[Event "Junior Online 4NCL Division 5"]
[Site "online"]
[Date "2021.02.04"]
[Round "2.128"]
[White "Liu, Kieron"]
[Black "Rajaram, Dilip"]
[Result "0-1"]
[WhiteElo "134"]
[BlackElo "1635"]
[PlyCount "46"]
[EventDate "2021.02.04"]
[WhiteTeam "Surrey Kings 5"]
[BlackTeam "Chess Challengers A"]

1. d4 d5 2. Bf4 Bf5 3. Nf3 Nc6 4. Nc3 Nf6 5. e3 e6 6. Bb5 Bd6 7. Bg5 O-O 8. Qe2
Be7 9. O-O-O a6 10. Ba4 b5 11. Bb3 Qb8 12. Nh4 Bg6 13. Nxg6 fxg6 14. Qg4 Nxg4
15. Bxe7 Nxe7 16. f3 Nf2 17. Rhe1 Nxd1 18. Rxd1 Nf5 19. Kb1 Nxe3 20. Re1 Nxg2
21. Rxe6 Rxf3 22. Nxd5 Rf1+ 23. Re1 Rxe1# 0-1

[Event "Junior Online 4NCL Division 5"]
[Site "online"]
[Date "2021.02.04"]
[Round "2.131"]
[White "Thorley, Luke"]
[Black "Marenduzzo, Ollie"]
[Result "0-1"]
[WhiteElo "1300"]
[BlackElo "968"]
[PlyCount "60"]
[EventDate "2021.02.04"]
[WhiteTeam "Maidenhead Juniors 3"]
[BlackTeam "Lenzie Dementors"]

1. d4 Nf6 2. Bf4 g6 3. Nc3 Bg7 4. e3 O-O 5. Bd3 d6 6. Nf3 Bg4 7. h3 Bxf3 8.
Qxf3 Nc6 9. d5 Nb4 10. O-O-O Nxd3+ 11. cxd3 a6 12. g4 b5 13. h4 b4 14. Ne4 Nxe4
15. Qxe4 e5 16. Bg5 f6 17. h5 fxg5 18. hxg6 h6 19. Rh2 Rf6 20. Rdh1 Qf8 21. f4
exf4 22. exf4 Re8 23. Qg2 Rxf4 24. Rh5 Bxb2+ 25. Kxb2 Rf2+ 26. Qxf2 Qxf2+ 27.
Kb3 Re3 28. Kxb4 Qb2+ 29. Ka4 Qb5+ 30. Ka3 Rxd3# 0-1

[Event "Junior Online 4NCL Division 5"]
[Site "online"]
[Date "2021.02.04"]
[Round "2.132"]
[White "Lynn, Angelo"]
[Black "Kumar, Satyam"]
[Result "1-0"]
[WhiteElo "900"]
[BlackElo "1204"]
[PlyCount "71"]
[EventDate "2021.02.04"]
[WhiteTeam "Lenzie Dementors"]
[BlackTeam "Maidenhead Juniors 3"]

1. e4 e5 2. Nf3 Nc6 3. Bc4 Bc5 4. d3 h6 5. Nc3 Nf6 6. O-O O-O 7. Be3 Bb6 8. Qd2
Ng4 9. h3 Nxe3 10. fxe3 d6 11. a3 Be6 12. Bb3 Na5 13. Bd5 Nc6 14. Rae1 Bxd5 15.
Nxd5 Ne7 16. Nxe7+ Qxe7 17. Qf2 f5 18. Nd2 fxe4 19. Qe2 Rxf1+ 20. Rxf1 Rf8 21.
Nxe4 Rxf1+ 22. Kxf1 Qf7+ 23. Kg1 d5 24. Ng3 c6 25. Kh1 Qg6 26. Kh2 Qg5 27. e4
Bd4 28. c3 Be3 29. exd5 cxd5 30. Qf3 Bf4 31. Qxd5+ Kh8 32. Qf3 Qg6 33. d4 e4
34. Qxf4 Qe6 35. Qxe4 Qxe4 36. Nxe4 1-0

[Event "Junior Online 4NCL Division 5"]
[Site "online"]
[Date "2021.02.04"]
[Round "2.133"]
[White "Rajeev-Lazar, Csilla"]
[Black "Anthuvan, Rishab"]
[Result "0-1"]
[WhiteElo "1213"]
[BlackElo "900"]
[PlyCount "150"]
[EventDate "2021.02.04"]
[WhiteTeam "Maidenhead Juniors 3"]
[BlackTeam "Lenzie Dementors"]

1. d4 d5 2. c4 Nf6 3. g3 dxc4 4. Qc2 b5 5. Bg2 c6 6. a4 Ba6 7. axb5 Bxb5 8. e4
e6 9. Nc3 Bb4 10. Qd2 O-O 11. Nf3 Nxe4 12. Qc2 Nxc3 13. bxc3 Ba5 14. Ng5 g6 15.
O-O Qf6 16. h4 Bc7 17. h5 h6 18. Ne4 Qg7 19. hxg6 fxg6 20. Be3 Nd7 21. Bh3 Rae8
22. Rxa7 Bb6 23. Ra4 Bxa4 24. Qxa4 Bd8 25. Qxc6 g5 26. Qxc4 Nb6 27. Qc6 Qc7 28.
Bxe6+ Kh8 29. Qxc7 Bxc7 30. Bb3 Rxe4 31. d5 Re5 32. Bd4 Nd7 33. Bxe5+ Nxe5 34.
c4 Nd3 35. Bc2 Nc5 36. Rd1 Rd8 37. Kf1 h5 38. Kg2 Bd6 39. Kf3 Re8 40. g4 h4 41.
Kg2 Re2 42. Bb1 Nd7 43. Bd3 Rb2 44. Re1 Kg7 45. Re7+ Bxe7 46. Bf5 Nc5 47. Kg1
Kf6 48. Bc8 Ke5 49. Kf1 Kd4 50. Ba6 Ke4 51. Kg2 Kd3 52. Kf3 Kc3 53. Ke3 Kb4 54.
Bb5 Kc3 55. Kf3 Kd4 56. Kg2 Ke4 57. Bc6 Kf4 58. Kh3 Rb3+ 59. Kg2 Kxg4 60. Kh2
Rb2 61. Kg2 h3+ 62. Kg1 Ne4 63. d6 Nxd6 64. c5 Nc4 65. Bd7+ Kh4 66. c6 Bd6 67.
Kf1 Ne5 68. Be6 Nxc6 69. Kg1 Nd4 70. Kf1 g4 71. Kg1 g3 72. fxg3+ Kxg3 73. Bc4
Rb1+ 74. Bf1 h2+ 75. Kh1 Rxf1# 0-1

[Event "Junior Online 4NCL Division 5"]
[Site "online"]
[Date "2021.02.04"]
[Round "2.134"]
[White "Heron, Sophie"]
[Black "Markov, Aleksa"]
[Result "1-0"]
[WhiteElo "799"]
[BlackElo "1253"]
[PlyCount "59"]
[EventDate "2021.02.04"]
[WhiteTeam "Lenzie Dementors"]
[BlackTeam "Maidenhead Juniors 3"]

1. d4 d5 2. c4 dxc4 3. Nc3 Nc6 4. Bf4 Nf6 5. Nb5 Nd5 6. Bg3 a6 7. Nc3 Nf6 8. e3
e6 9. Bxc4 Bb4 10. Nf3 Ne4 11. Qc2 Nxg3 12. fxg3 O-O 13. O-O b5 14. Bd3 Bb7 15.
Bxh7+ Kh8 16. Be4 f5 17. Bd3 Qf6 18. a3 Bd6 19. e4 fxe4 20. Nxe4 Nxd4 21. Nxd4
Qxd4+ 22. Kh1 Be5 23. Rab1 Rad8 24. Nc5 Qd5 25. Nxb7 Qxb7 26. Bg6 Bf6 27. Qe2
Bg5 28. Qh5+ Bh6 29. g4 Rd2 30. Rxf8# 1-0

[Event "Junior Online 4NCL Division 5"]
[Site "online"]
[Date "2021.02.04"]
[Round "2.135"]
[White "Marenduzzo, Ollie"]
[Black "Thorley, Luke"]
[Result "1-0"]
[WhiteElo "968"]
[BlackElo "1300"]
[PlyCount "77"]
[EventDate "2021.02.04"]
[WhiteTeam "Lenzie Dementors"]
[BlackTeam "Maidenhead Juniors 3"]

1. e4 e5 2. d4 Nc6 3. d5 Nd4 4. c3 Nb5 5. Bxb5 c6 6. dxc6 bxc6 7. Bc4 d5 8.
exd5 cxd5 9. Bxd5 Bg4 10. Bc6+ Bd7 11. Bxa8 Qxa8 12. Nf3 e4 13. Ne5 Nf6 14.
Nxd7 Nxd7 15. O-O Qb8 16. Re1 Nf6 17. Qa4+ Ke7 18. Qb4+ Qxb4 19. cxb4 h5 20.
Bg5 Ke6 21. Bxf6 gxf6 22. Rxe4+ Kf5 23. Nc3 Kg6 24. Re8 h4 25. h3 Kg7 26. Rae1
f5 27. R1e5 Rh5 28. Ra8 Bxb4 29. Rxa7 Kf6 30. Rb5 Bd6 31. Ne4+ Ke6 32. Nxd6
Kxd6 33. Rxf7 f4 34. Rxh5 Ke6 35. Rxf4 Kd6 36. Rf6+ Ke7 37. Ra6 Kf7 38. Rh7+
Kg8 39. Rb7 1-0

[Event "Junior Online 4NCL Division 5"]
[Site "online"]
[Date "2021.02.04"]
[Round "2.136"]
[White "Kumar, Satyam"]
[Black "Lynn, Angelo"]
[Result "0-1"]
[WhiteElo "1204"]
[BlackElo "900"]
[PlyCount "89"]
[EventDate "2021.02.04"]
[WhiteTeam "Maidenhead Juniors 3"]
[BlackTeam "Lenzie Dementors"]

1. e4 c6 2. d4 d5 3. e5 Bf5 4. Nf3 e6 5. Be2 Nd7 6. O-O Ne7 7. Nbd2 c5 8. c4
Nc6 9. cxd5 exd5 10. dxc5 Bxc5 11. Nb3 Bb6 12. Qxd5 O-O 13. Nbd4 Nxd4 14. Nxd4
Bxd4 15. Qxd4 Re8 16. f4 Qb6 17. Be3 Qxd4 18. Bxd4 Nb6 19. Bf3 Rab8 20. Rac1
Red8 21. Bf2 h6 22. Rc7 Rd2 23. Rxb7 Rxb7 24. Bxb7 Rxb2 25. Ra1 Be6 26. a3 Rc2
27. g3 Rc3 28. a4 Rc7 29. Be4 Rc4 30. Bxb6 axb6 31. Bg2 Bd7 32. a5 bxa5 33.
Rxa5 Rc1+ 34. Kf2 Rc2+ 35. Kf1 Kh7 36. Be4+ g6 37. Bxc2 Kg7 38. Bb3 Be8 39. Ra8
Bb5+ 40. Kf2 Bc6 41. Ra7 Be8 42. e6 Kf6 43. exf7 g5 44. fxe8=Q h5 45. Qe6# 0-1

[Event "Junior Online 4NCL Division 5"]
[Site "online"]
[Date "2021.02.04"]
[Round "2.137"]
[White "Anthuvan, Rishab"]
[Black "Rajeev-Lazar, Csilla"]
[Result "1-0"]
[WhiteElo "900"]
[BlackElo "1213"]
[PlyCount "95"]
[EventDate "2021.02.04"]
[WhiteTeam "Lenzie Dementors"]
[BlackTeam "Maidenhead Juniors 3"]

1. e4 Nf6 2. e5 Nd5 3. Nf3 f6 4. d4 Nc6 5. Bb5 g6 6. c4 Nb6 7. Bxc6 dxc6 8. c5
Nd5 9. O-O Bg7 10. Qb3 O-O 11. Nc3 Kh8 12. Nxd5 cxd5 13. Bf4 b6 14. Qc3 fxe5
15. Bxe5 Rf7 16. Ng5 Rf8 17. b4 bxc5 18. bxc5 Qd7 19. Qg3 Ba6 20. Rfe1 e6 21.
Qh4 h6 22. Bxg7+ Kxg7 23. Nxe6+ Kg8 24. Qxh6 Qf7 25. Nxf8 Rxf8 26. f3 Re8 27.
Rxe8+ Qxe8 28. h4 Kf7 29. h5 Bd3 30. g4 Qe6 31. Qf4+ Ke8 32. Qe5 Qxe5 33. dxe5
c6 34. h6 g5 35. Re1 Kf7 36. e6+ Ke7 37. Re5 Bh7 38. Rxg5 Kf6 39. e7 Kf7 40.
Rg7+ Ke8 41. Rxh7 d4 42. Kf2 d3 43. Ke3 a5 44. Rg7 d2 45. Kxd2 a4 46. h7 a3 47.
h8=Q+ Kd7 48. e8=Q# 1-0

[Event "Junior Online 4NCL Division 5"]
[Site "online"]
[Date "2021.02.04"]
[Round "2.138"]
[White "Markov, Aleksa"]
[Black "Heron, Sophie"]
[Result "1/2-1/2"]
[WhiteElo "1253"]
[BlackElo "799"]
[PlyCount "78"]
[EventDate "2021.02.04"]
[WhiteTeam "Maidenhead Juniors 3"]
[BlackTeam "Lenzie Dementors"]

1. e4 c5 2. Nf3 Nc6 3. d4 cxd4 4. Nxd4 Nxd4 5. Qxd4 d6 6. Nc3 e5 7. Qd1 Nf6 8.
Bg5 Be7 9. Bb5+ Bd7 10. Bxd7+ Qxd7 11. Bxf6 Bxf6 12. Nd5 Rc8 13. O-O Qe6 14.
Qe2 O-O 15. Qb5 Rxc2 16. Qxb7 Re2 17. Rfe1 Rc2 18. b3 a5 19. Qa7 Rc5 20. h3 h6
21. b4 axb4 22. Nxb4 Rb5 23. Nd5 Rc5 24. Rec1 Rfc8 25. Rxc5 Rxc5 26. Rb1 Rc8
27. Rb8 Bg5 28. Rxc8+ Qxc8 29. Ne7+ Bxe7 30. Qxe7 Qa6 31. Qe8+ Kh7 32. Qxf7 Qe2
33. Qf5+ Kg8 34. Qe6+ Kh7 35. f3 Qe3+ 36. Kh2 Qf4+ 37. Kg1 Qe3+ 38. Kh2 Qf4+
39. Kg1 Qe3+ 1/2-1/2

[Event "Junior Online 4NCL Division 5"]
[Site "online"]
[Date "2021.02.04"]
[Round "2.141"]
[White "Harb, Laith A"]
[Black "Baig, Huzaifa"]
[Result "1-0"]
[WhiteElo "1256"]
[BlackElo "1240"]
[PlyCount "63"]
[EventDate "2021.02.04"]
[WhiteTeam "JHJ Shark Tank 8"]
[BlackTeam "Colchester Juniors C"]

1. d4 d5 2. c4 e6 3. Nc3 Nf6 4. Bg5 Bb4 5. Qc2 h6 6. Bh4 Nbd7 7. a3 Bxc3+ 8.
bxc3 Nb6 9. c5 Nbd7 10. Bxf6 Nxf6 11. Nf3 b6 12. cxb6 cxb6 13. e3 O-O 14. Bd3
Re8 15. O-O Bb7 16. Ne5 Nd7 17. Bb5 a6 18. Bxd7 Re7 19. Bc6 Rb8 20. Bxb7 Rbxb7
21. Nc6 Qc7 22. Nxe7+ Qxe7 23. Rfc1 h5 24. h3 g5 25. c4 g4 26. hxg4 hxg4 27.
cxd5 exd5 28. Qc8+ Kh7 29. Qxg4 Rb8 30. Qh5+ Kg7 31. Qxd5 Rh8 32. Qe5+ 1-0

[Event "Junior Online 4NCL Division 5"]
[Site "online"]
[Date "2021.02.04"]
[Round "2.142"]
[White "Shiva, Shrishti"]
[Black "Stacey, Edward"]
[Result "1-0"]
[WhiteElo "1235"]
[BlackElo "1255"]
[PlyCount "113"]
[EventDate "2021.02.04"]
[WhiteTeam "Colchester Juniors C"]
[BlackTeam "JHJ Shark Tank 8"]

1. e4 e5 2. Nf3 Nc6 3. Bc4 Bc5 4. Nc3 Nf6 5. h3 d6 6. d3 h6 7. O-O O-O 8. Be3
Nd4 9. Bxd4 exd4 10. Na4 a6 11. Nxc5 dxc5 12. Re1 b5 13. Bb3 Be6 14. a3 Bxb3
15. cxb3 Qd6 16. e5 Qe6 17. exf6 Qxf6 18. Qd2 Rae8 19. Rxe8 Rxe8 20. Rc1 Qd6
21. Qc2 f5 22. Qxc5 Qxc5 23. Rxc5 Rc8 24. Rxf5 c5 25. Rd5 Kf7 26. Ne5+ Ke6 27.
Rd7 Kxe5 28. Rxg7 Rc6 29. Re7+ Re6 30. Rxe6+ Kxe6 31. Kf1 Kd5 32. Ke2 c4 33.
bxc4+ bxc4 34. Kd2 a5 35. f4 cxd3 36. Kxd3 h5 37. g4 hxg4 38. hxg4 a4 39. g5
Ke6 40. Kxd4 Kf5 41. Ke3 Kg6 42. Ke4 Kf7 43. f5 Kg7 44. Ke5 Kf7 45. g6+ Kg7 46.
Ke6 Kg8 47. f6 Kh8 48. g7+ Kg8 49. f7+ Kxg7 50. Ke7 Kg6 51. f8=Q Kg5 52. Qf3
Kg6 53. Qf4 Kg7 54. Qf5 Kh6 55. Qg4 Kh7 56. Kf7 Kh6 57. Qg6# 1-0